|
|
|
|
| LEADER |
00000ny a22000003n 4500 |
| 005 |
20110615131449.0 |
| 008 |
080926s2008 sp r 000 0 spa c |
| 020 |
|
|
|a 9788476988299
|
| 035 |
|
|
|a 3347
|
| 040 |
|
|
|a SpMaUCDE
|d vLex
|
| 080 |
|
|
|a 347.94(460)
|
| 090 |
|
|
|c 711
|d 711
|
| 245 |
3 |
3 |
|a El interrogatorio de las partes en la Ley 1/2000, de enjuiciamiento civil
|h [Recurso electrn̤ico]
|c Xavier Abel Lluch [Director]; prl̤ogo, Jos ̌Luis Seoane Spielgeberg.
|
| 256 |
|
|
|a Servicio en ln̕ea.
|
| 260 |
|
|
|a Barcelona :
|b Bosch Editor,
|c 2008.
|
| 300 |
|
|
|a 223 p. ;
|c 24 cm.
|
| 504 |
|
|
|a Incluye referencias bibliogrf̀icas.
|
| 506 |
1 |
|
|a Contenido solo disponible en los productos indicados
|d vLex Global
|d vLex Global (Academic Edition, excluding Law Schools)
|d vLex Global (U.S. Academic Edition, Law Schools)
|d vLex Global (U.S. Academic Edition, excluding Law Schools)
|d vLex Global (Academic Edition, Law Schools)
|
| 650 |
0 |
7 |
|a Proceso civil
|2 Tesauro vLex
|
| 650 |
0 |
7 |
|a Absolucin̤ de posiciones
|2 Tesauro vLex
|
| 700 |
1 |
|
|a Abel Lluch, Xavier.
|
| 700 |
1 |
|
|a Seoane Spiegelberg, Jos ̌Luis.
|
| 710 |
1 |
|
|a Espaą.
|b Ley 1/2000, de enjuiciamiento civil.
|
| 740 |
0 |
|
|a vLex Libros (Servicios en ln̕ea)
|
| 856 |
4 |
0 |
|u http://vlex.com/source/3347
|z Acceso restringido
|
| 942 |
|
|
|c BOOK
|
| 999 |
0 |
|
|a Civil Law
|b Barcelona
|